Fineasz i Ferb postacie - Statystyki

Ogólne statystyki
  • Ten quiz został rozwiązany 89 razy
    51 od ostatniego zresetowania
  • Średni wynik to 11 z 20
Statystyki odpowiedzi
Obrazkowy Odpowiedź % Poprawnych
Ferb Fletcher
100%
Fineasz Flynn
100%
Fretka Flynn
93%
Heinz Dundersztyc
93%
Pepe Pan Dziobak
93%
Jeremiasz Johnson
80%
Izabela Garcia-Shapiro
77%
Vanessa Dundersztyc
67%
Buford Van Stomm
53%
Carl Karl
50%
Stefa Hirano
47%
Francis Monogram
40%
Baljeet Tjinder
37%
Linda Flynn-Fletcher
37%
Norm
33%
Pupu Pan Panda
23%
Lawrence Fletcher
20%
Irving Du Bois
10%
Pimpuś Pan Chihuahua
10%
Melisa
3%
Nie znaleziono quizów pasujących do podanych kryteriów
Rozkład punktacji
Procent ludzi z każdym wynikiem
Percentyl według liczby udzielonych odpowiedzi
Twoja historia wyników
Nie rozwiązałeś tego quizu od ostatniego zresetowania